[Event "Mitropa Cup w"]
[Site "Chur SUI"]
[Date "2010.06.01"]
[Round "4"]
[White "Medic,Mir"]
[Black "Maisuradze,N"]
[Result "1-0"]
[WhiteElo "2271"]
[BlackElo "2250"]

1.d4 d5 2.c4 e6 3.Nc3 Be7 4.Nf3 Nf6 5.Bf4 O-O 6.e3 c5 7.dxc5 Bxc5 8.Qc2 Nc6
9.a3 Qa5 10.Nd2 Be7 11.Bg3 d4 12.Nb3 Qb6 13.exd4 Nxd4 14.Nxd4 Qxd4 15.Rd1 Qc5
16.Be2 Bd7 17.O-O Rfd8 18.Rd2 Be8 19.Rfd1 Rxd2 20.Rxd2 Rd8 21.Rxd8 Bxd8 22.Qd2 Bb6
23.b4 Qd4 24.Qc2 e5 25.c5 Bd8 26.h3 h5 27.Qd3 h4 28.Bxh4 a6 29.Bg5 Nd5 30.Bd2 Qxd3
31.Bxd3 Nxc3 32.Bxc3 Bc7 33.Be4 Bc6 34.f3 g6 35.g4 f5 36.gxf5 gxf5 37.Bxf5 Bxf3
38.Kf2 Bc6 39.Ke3 b6 40.Be4 Bd7 41.Bd5+ Kf8 42.h4 bxc5 43.bxc5 Be8 44.Kd3 Ke7
45.Bd2 Kf6 46.Bg5+ Kf5 47.Be4+ Ke6 48.Bb7 Bg6+ 49.Ke3 a5 50.Bf3 Bb8 51.Bd8 a4
52.h5 Bf7 53.h6 e4 54.Bxe4 Be5 55.c6 Kd6 56.c7 Be6 57.Bb7 Bb2 58.c8=Q Bxc8
59.Bxc8 Bc1+ 60.Kd3 Bxh6 61.Kc4 Bd2 62.Kb5 Bc1 63.Kxa4 Kc5 64.Be7+ Kb6 65.Kb3 Be3
66.a4 Bf2 67.Bb4 Ka7 68.Kc4 Bg3 69.Kb5 Bc7 70.Bc5+ Kb8 71.Bg4 Bf4 72.a5 Kb7
73.a6+  1-0

[Event "2nd Limpedea Cup"]
[Site "Baia Sprie ROM"]
[Date "2010.06.02"]
[Round "10"]
[White "Shishkin,Va UKR"]
[Black "Thesing,M"]
[Result "0-1"]
[WhiteElo "2513"]
[BlackElo "2425"]

1.d4 Nf6 2.c4 e6 3.Nc3 d5 4.Nf3 Be7 5.Bf4 O-O 6.e3 b6 7.cxd5 Nxd5 8.Nxd5 Qxd5
9.Bd3 Qa5+ 10.Kf1 Ba6 11.Bxc7 Bxd3+ 12.Qxd3 Na6 13.Bg3 Nb4 14.Qe2 Rac8 15.Ne1 Rc6
16.a3 Rfc8 17.Rd1 Na2 18.Qd2 Qa4 19.f4 Rc1 20.Rxc1 Rxc1 21.Ke2 Qb5+ 22.Kf2 Rb1
23.b4 Qc4 24.Rf1 a5 25.bxa5 bxa5 26.Kg1 Nc3 27.Qd3 Ne2+ 28.Kf2 Qa2 29.Kf3 Rb2
30.Rf2 Ng1+ 31.Kg4 f5+ 32.Kh5 Rxf2  0-1

[Event "Mitropa Cup"]
[Site "Chur SUI"]
[Date "2010.06.04"]
[Round "7"]
[White "Doric,D"]
[Black "Baumegger,S"]
[Result "1-0"]
[WhiteElo "2452"]
[BlackElo "2414"]

1.d4 d5 2.c4 e6 3.Nc3 Be7 4.Nf3 Nf6 5.Bf4 O-O 6.e3 Nbd7 7.c5 c6 8.Bd3 b6
9.b4 a5 10.a3 Ba6 11.O-O Qc8 12.Qc2 Bxd3 13.Qxd3 Qb7 14.h3 Ra7 15.Rab1 axb4
16.axb4 Rfa8 17.Rfc1 b5 18.Nd2 Bd8 19.Nb3 g6 20.Qc2 Ra6 21.Ra1 Kg7 22.Rxa6 Rxa6
23.Ra1 Rxa1+ 24.Nxa1 Ne8 25.Nb3 f6 26.Bg3 Kf7 27.Qa2 Kg7 28.f3 Kf8 29.Bh2 Kg7
30.e4 Kf8 31.Bg3 Kg7 32.Kh1 Kf8 33.Bh2 Kg7 34.Bd6 Kf7 35.e5 Ng7 36.g4 Kg8
37.Kg2 Kf7 38.Ne2 f5 39.Qa1 Nf8 40.Kf2 g5 41.Bxf8 Kxf8 42.Ke3 h5 43.Na5 Qa7
44.Kd2 h4 45.Nc1 f4 46.Ncb3 Qa6 47.Qb1 Kg8 48.Qg6 Qa8 49.Kc3 Qa6 50.Kb2 Qa8
51.Qb1 Qa6 52.Qa1 Ne8 53.Nc1 Kf8 54.Qa3 Kg8 55.Nab3 Qb7 56.Ne2 Kf8 57.Qa1 Kg8
58.Nbc1 Ng7 59.Qb1 Qa7 60.Nc3 Qa8 61.Nd3 Qa7 62.Ne1 Qa8 63.Nc2 Qa7 64.Na3 Qb7
65.Kb3 Kf7 66.Qd3 Ne8 67.Ncxb5 cxb5 68.Nxb5 Kf8 69.Nd6 Qa7 70.Qg6 Nxd6 71.Qh6+ Kg8
72.exd6 Qa6 73.Qxe6+ Kf8 74.Qf5+ Ke8 75.d7+ Ke7 76.Qh7+ Ke6 77.Qh6+ Bf6 78.Qxf6+ Kxf6
79.d8=Q+ Kg7 80.Qxg5+ Kh8 81.Qxh4+ Kg7 82.Qg5+ Kh8 83.Qe5+  1-0

[Event "TOP 16"]
[Site "Guingamp FRA"]
[Date "2010.06.04"]
[Round "9"]
[White "Tregubov,P"]
[Black "Delchev,A"]
[Result "1/2-1/2"]
[WhiteElo "2625"]
[BlackElo "2625"]

1.d4 Nf6 2.c4 e6 3.Nf3 d5 4.Nc3 Be7 5.Bf4 O-O 6.e3 b6 7.Bd3 dxc4 8.Bxc4 Bb7
9.O-O c5 10.dxc5 Qxd1 11.Rfxd1 Bxc5 12.Nb5 a6 13.Nd6 Bd5 14.Rac1 Ra7 15.Bxd5 Nxd5
16.Ne4 Be7 17.Bxb8 Rxb8 18.Ne5 Re8 19.Nc6 Rc7 20.Nxe7+ Rexe7 21.Nc3 Red7
22.Kf1 Kf8 23.Ke1 Nxc3 24.Rxd7 Rxd7 25.Rxc3 Ke7 26.Ke2 Rd5 27.Rc7+ Rd7 28.Rc8 Rd8
29.Rxd8  1/2-1/2

[Event "Rapid Open"]
[Site "Hustopece CZE"]
[Date "2010.06.05"]
[Round "6"]
[White "Navara,D"]
[Black "Hracek,Z"]
[Result "1-0"]
[WhiteElo "2718"]
[BlackElo "2632"]

1.Nf3 d5 2.c4 e6 3.d4 Nf6 4.Nc3 Be7 5.Bf4 O-O 6.e3 Nbd7 7.a3 c5 8.cxd5 Nxd5
9.Nxd5 exd5 10.dxc5 Nxc5 11.Be5 Bf6 12.Be2 Bg4 13.Bxf6 Qxf6 14.Qd4 Qxd4 15.Nxd4 Bxe2
16.Kxe2 Ne6 17.Rhd1 Rfc8 18.Nf5 Rc2+ 19.Rd2 Rxd2+ 20.Kxd2 Kf8 21.Rc1 Ke8
22.Nd6+ Ke7 23.Rc8 Rxc8 24.Nxc8+ Kd7 25.Nxa7 d4 26.Nb5 dxe3+ 27.Kxe3 f5 28.g3 g5
29.f4 gxf4+ 30.gxf4 Ng7 31.Kd4 Ke6 32.Kc5 Nh5 33.Nc7+ Kd7 34.Nd5 Ng7 35.Kb6 Ne6
36.Kxb7 Kd6 37.Ne3 Nxf4 38.Nxf5+ Kc5 39.b4+ Kb5 40.Nd6+ Ka4 41.b5 Kxa3 42.b6 Kb4
43.Kc8  1-0

[Event "TOP 16"]
[Site "Guingamp FRA"]
[Date "2010.06.06"]
[Round "11"]
[White "Delchev,A"]
[Black "Elbilia,J"]
[Result "1-0"]
[WhiteElo "2625"]
[BlackElo "2402"]

1.d4 d5 2.c4 e6 3.Nf3 Nf6 4.Nc3 Be7 5.Bf4 O-O 6.e3 c5 7.dxc5 Bxc5 8.a3 Nc6
9.Qc2 Re8 10.Bg5 d4 11.Bxf6 gxf6 12.exd4 Nxd4 13.Nxd4 Qxd4 14.Bd3 Qe5+ 15.Kf1 Kg7
16.Re1 Qc7 17.b4 Be7 18.Re3 f5 19.g4 f4 20.Rh3 h6 21.Rh5 Rd8 22.h4 Qd6 23.Rh3 e5
24.Bf5 Be6 25.Qe4 f6 26.g5 Bxf5 27.gxf6+ Qxf6 28.Rxf5 Qc6 29.h5 Qxe4 30.Nxe4 Rf8
31.Rd3 Rad8 32.Rxd8 Bxd8 33.Rxf8 Kxf8 34.Ke2 Ke7 35.Kd3 Kf7 36.f3 Ke6 37.c5 a6
38.Kc4 Bh4 39.a4 Be7 40.b5 axb5+ 41.axb5 Bd8 42.b6  1-0

[Event "Copper State Int A"]
[Site "Mesa USA"]
[Date "2010.06.06"]
[Round "5"]
[White "Gareev,T"]
[Black "Ippolito,D"]
[Result "1/2-1/2"]
[WhiteElo "2599"]
[BlackElo "2480"]

1.d4 Nf6 2.c4 e6 3.Nf3 d5 4.Nc3 Be7 5.Bf4 O-O 6.a3 c5 7.e3 Nc6 8.dxc5 Bxc5
9.b4 Nxb4 10.axb4 Bxb4 11.Qb3 a5 12.Be5 Ne4 13.Bd4 f6 14.Bd3 e5 15.O-O exd4
16.Nxd5 Nc5 17.Qc2 Nxd3 18.Qxd3 dxe3 19.Nxb4 exf2+ 20.Kh1 Qxd3 21.Nxd3 Be6
22.Nb2 Rfc8 23.Rxf2 Bxc4 24.Nxc4 Rxc4 25.Rb2 Ra7 26.Kg1 a4 27.Ra3 Kf7 28.Kf2 g5
29.Rb6 Rc2+ 30.Kg3 h5 31.Nd4 h4+ 32.Kh3 Rd2 33.Nf5 Kg6 34.Ne7+ Kh5 35.g4+ hxg3
36.Kxg3 Ra6 37.Rxa6 bxa6 38.Rxa4 Rd3+ 39.Kf2 Rd2+ 40.Kf1 Rxh2 41.Rxa6 Rh4
42.Kg2 Rg4+ 43.Kf3 Rf4+ 44.Ke3 f5 45.Nd5 Rc4  1/2-1/2

[Event "3rd Mayor's Cup"]
[Site "Mumbai IND"]
[Date "2010.06.07"]
[Round "8"]
[White "Farago,I"]
[Black "Joshi,GB"]
[Result "1/2-1/2"]
[WhiteElo "2453"]
[BlackElo "2293"]

1.d4 Nf6 2.c4 e6 3.Nf3 d5 4.Nc3 Be7 5.Bf4 O-O 6.e3 c5 7.dxc5 Bxc5 8.cxd5 Nxd5
9.Nxd5 exd5 10.a3 Nc6 11.Bd3 Bb6 12.b4 Re8 13.O-O h6 14.Bc2 Ne7 15.Nd4 Ng6
16.Bg3 Qf6 17.Bb3 Rd8 18.Rc1 a5 19.b5 Qe7 20.a4 Be6 21.Nxe6 fxe6 22.Qg4 Qf7
23.h4 Nf8 24.e4 dxe4 25.Qxe4 Rd4 26.Qe2 Rad8 27.Rcd1 Qg6 28.Rxd4 Rxd4 29.Kh1 Kf7
30.Qf3+ Kg8 31.Rd1 Qf7 32.Qe2 Rxd1+ 33.Bxd1 Bc5 34.Bb3 Qf5 35.Kh2 b6 36.Bc4 Kf7
37.Bd3 Qf6 38.Be4 Kg8 39.Bf3 Qd4 40.Qc2 Be7 41.Kh3 Qc5 42.Qe4 Qf5+ 43.Qxf5 exf5
44.Bd5+ Kh7 45.Bc7 Bc5 46.f4 h5 47.Kg3 Kg6 48.Kf3 Nd7 49.Ke2 Nf6 50.Bf3 Kf7
51.Be5 Ke6 52.Bxf6 Kxf6 53.Bxh5 g6 54.Bf3 Bd6 55.g3 Bb4 56.Bc6 Bc3 57.Kf3 Be1
58.Be8 Kg7 59.Kg2 Kf6 60.Kh3 Bd2 61.h5 gxh5 62.Bxh5 Be3 63.Be8 Bc5 64.Bd7 Bf2
65.Kg2 Bc5 66.Kf3  1/2-1/2

[Event "11th Karpov"]
[Site "Poikovsky RUS"]
[Date "2010.06.09"]
[Round "7"]
[White "Sokolov,Ivan"]
[Black "Onischuk,Al"]
[Result "1/2-1/2"]
[WhiteElo "2654"]
[BlackElo "2699"]

1.d4 Nf6 2.c4 e6 3.Nf3 d5 4.Nc3 Be7 5.Bf4 O-O 6.Qc2 c5 7.dxc5 Na6 8.e3 Nxc5
9.Be2 dxc4 10.Bxc4 a6 11.a4 b6 12.O-O Bb7 13.Rfd1 Qc8 14.Qe2 Qc6 15.b4 Nb3
16.b5 Qc5 17.Bxb3 Qxc3 18.Nd4 Rfc8 19.Rab1 axb5 20.Nxb5 Qc6 21.f3 Nd5 22.Be5 Bc5
23.Bd4 Bxd4 24.Rxd4 Nc3 25.Nxc3 Qxc3 26.Qd2 Qxd2 27.Rxd2 g6 28.Bd1 Bc6 29.Rxb6  1/2-1/2

[Event "ch-PAR"]
[Site "Asuncion URU"]
[Date "2010.06.13"]
[Round "3"]
[White "Valiente,C"]
[Black "Rivarola,P"]
[Result "1-0"]
[WhiteElo "2259"]
[BlackElo "1655"]

1.c4 Nf6 2.Nc3 e6 3.Nf3 d5 4.d4 Be7 5.Bf4 c6 6.e3 Qa5 7.Qc2 Ne4 8.Nd2 f5
9.f3 Nxc3 10.bxc3 Nd7 11.Bd3 O-O 12.O-O Nf6 13.h3 Bd7 14.g4 g6 15.Kh2 Kf7
16.Be5 h5 17.gxf5 exf5 18.e4 b5 19.c5 Bd8 20.exf5 g5 21.a4 Bc7 22.f4 gxf4
23.axb5 Bxe5 24.Rxa5 Bc7 25.Ra6 f3+ 26.Kh1 Rg8 27.Nxf3 Rg3 28.Ne5+ Bxe5 29.dxe5 Ng4
30.hxg4  1-0

[Event "45th Capablanca Mem Elite"]
[Site "Havana CUB"]
[Date "2010.06.13"]
[Round "4"]
[White "Ivanchuk,V"]
[Black "Bruzon Batista,L"]
[Result "1/2-1/2"]
[WhiteElo "2741"]
[BlackElo "2668"]

1.c4 e6 2.Nc3 d5 3.d4 Be7 4.Nf3 Nf6 5.Bf4 O-O 6.e3 Nbd7 7.c5 Nh5 8.Bd3 Nxf4
9.exf4 b6 10.b4 a5 11.a3 c6 12.O-O Qc7 13.g3 Ba6 14.Re1 Bxd3 15.Qxd3 Ra7
16.Rac1 axb4 17.axb4 Bf6 18.h4 bxc5 19.bxc5 Rb8 20.Re3 Rb3 21.Qc2 Rb4 22.Ne2 Qb8
23.Kg2 Rb2 24.Qd1 h6 25.Rcc3 Rb1 26.Nc1 Rba1 27.Qd2 Qc8 28.Ne1 Nf8 29.Nc2 R1a4
30.h5 Nd7 31.Qd1 Bd8 32.Nd3 Qb7 33.Qe2 Ba5 34.Ra3  1/2-1/2

[Event "4th Open"]
[Site "Varna BUL"]
[Date "2010.06.13"]
[Round "2"]
[White "Kazimova,N"]
[Black "Vasenina,A"]
[Result "1-0"]
[WhiteElo "2227"]
[BlackElo "1854"]

1.d4 d5 2.c4 e6 3.Nf3 Nf6 4.Nc3 Be7 5.Bf4 O-O 6.e3 c5 7.dxc5 Bxc5 8.cxd5 Nxd5
9.Nxd5 exd5 10.a3 Nc6 11.Bd3 Bb6 12.O-O h6 13.b4 a6 14.Bc2 Ne7 15.Nd4 Ng6
16.Bg3 Qf6 17.Qd3 Bxd4 18.exd4 Bd7 19.a4 Rfe8 20.Rad1 Rac8 21.f4 Rxc2 22.Qxc2 Rc8
23.Qb3 Rc4 24.Kh1 Bf5 25.Rd2 Qd6 26.b5 a5 27.h3 h5 28.Qe3 Rc8 29.Rb2  1-0

[Event "Open"]
[Site "Teplice CZE"]
[Date "2010.06.14"]
[Round "3"]
[White "Bartos,J"]
[Black "Dolezal,Ra1"]
[Result "1/2-1/2"]
[WhiteElo "2201"]
[BlackElo "2429"]

1.d4 d5 2.c4 e6 3.Nf3 Nf6 4.Nc3 Be7 5.Bf4 O-O 6.e3 a6 7.a3 dxc4 8.Bxc4 b5
9.Ba2 Bb7 10.O-O c5 11.dxc5 Bxc5 12.b4 Be7 13.Qxd8 Rxd8 14.Rfd1 Nc6 15.Ne5 Rxd1+
16.Rxd1 Nxe5 17.Bxe5 Rd8 18.Rxd8+ Bxd8 19.f3 Bb6 20.Kf2 Nd5 21.Nxd5 Bxd5
22.Bb1 f6 23.Bd4 Bc7 24.f4 e5 25.fxe5 fxe5 26.Bc3 e4 27.g3 Kf7 28.Bc2 g6
29.Bd1 h5 30.Be2 Bb3 31.Bf1  1/2-1/2

[Event "70th ch-ITA S/F"]
[Site "Torino ITA"]
[Date "2010.06.20"]
[Round "1"]
[White "Rombaldoni,D"]
[Black "Saccona,S"]
[Result "1-0"]
[WhiteElo "2484"]
[BlackElo "2230"]

1.d4 d5 2.c4 e6 3.Nf3 Nf6 4.Nc3 Be7 5.Bf4 c6 6.e3 Nbd7 7.cxd5 exd5 8.Bd3 O-O
9.h3 Re8 10.O-O Nf8 11.Ne5 Ng6 12.Nxg6 hxg6 13.Rb1 Bd6 14.Qf3 Qc7 15.Bxd6 Qxd6
16.b4 g5 17.g4 g6 18.Kg2 Kg7 19.b5 Rh8 20.Qg3 Qxg3+ 21.Kxg3 Bd7 22.bxc6 Bxc6
23.Rfc1 Rhd8 24.a4 Ne8 25.a5 Nd6 26.Na2 a6 27.Be2 Bb5 28.Bf3 Nc4 29.Nb4 Bc6
30.Nxc6 bxc6 31.Be2 Nxa5 32.Rc5 Nc4 33.Bxc4 dxc4 34.Rxc4 Rd6 35.Rb6 a5 36.Rcxc6 Rxc6
37.Rxc6 a4 38.Rc2 a3 39.Ra2 Kf6 40.Kf3 Ke6 41.Ke4 f5+ 42.Kd3 Kd5 43.f3 Ke6
44.Kc4 Rh8 45.Rxa3 Rxh3 46.e4 fxe4 47.Ra6+ Kf7 48.fxe4 Rg3 49.Kd5 Rxg4 50.Ra7+  1-0

[Event "5th Open"]
[Site "Wroclaw POL"]
[Date "2010.06.26"]
[Round "1"]
[White "Fridman,D2"]
[Black "Kalvaitis,S"]
[Result "1-0"]
[WhiteElo "2654"]
[BlackElo "2290"]

1.c4 Nf6 2.d4 e6 3.Nf3 d5 4.Nc3 Be7 5.Bf4 O-O 6.a3 c6 7.e3 Nbd7 8.Qc2 b6
9.cxd5 exd5 10.Bd3 c5 11.Nb5 Bb7 12.O-O g6 13.Nd6 Bc6 14.Bb5 Bxb5 15.Nxb5 c4
16.Nc3 Qc8 17.b3 Rd8 18.Bg5 Kg7 19.bxc4 Qxc4 20.Rfc1 h6 21.Bh4 Rdc8 22.Qb2 Qc6
23.Ne5 Qb7 24.f4 Rab8 25.Qb3 Rd8 26.e4 Ng8 27.Nxd5 Bxh4 28.Rc7 Nxe5 29.Rxb7 Rxb7
30.dxe5 Rbd7 31.Qb2 Kh7 32.Rc1 Be7 33.Rc6 Bc5+ 34.Kf1 Rxd5 35.exd5 Ne7 36.Rxc5  1-0

[Event "ch-PAR"]
[Site "Asuncion URU"]
[Date "2010.06.27"]
[Round "7"]
[White "Valiente,C"]
[Black "Vargas,Ga"]
[Result "1/2-1/2"]
[WhiteElo "2259"]
[BlackElo "2069"]

1.Nf3 Nf6 2.c4 e6 3.Nc3 d5 4.d4 Be7 5.Bf4 O-O 6.e3 b6 7.Bd3 Bb7 8.O-O a6
9.Rc1 Nbd7 10.Qe2 c5 11.Rfd1 cxd4 12.exd4 dxc4 13.Bxc4 b5 14.Bb3 Rc8 15.Ne5 Nd5
16.Nxd5 Bxd5 17.Bxd5 Rxc1 18.Bxc1 Nxe5 19.Bxe6 fxe6 20.Qxe5 Qd5 21.Qxd5 exd5
22.Be3 Rc8 23.Rc1 Rxc1+ 24.Bxc1 Bf6 25.Be3 Kf7 26.f4 h5 27.Kf2 Ke6 28.Kf3 Kf5
29.g3 g6 30.h3 Bg7 31.g4+ hxg4+ 32.hxg4+ Ke6 33.Ke2 Bf6 34.Kd3 Be7 35.Bd2 Bd8
36.Bb4 Bc7 37.Ke3 a5 38.Bc5 a4 39.Bb4 Bd8 40.Kd3 Bc7 41.Bd2 Bd8 42.Kc2 Bb6
43.Be3 Bc7 44.b3 axb3+ 45.Kxb3 Bd6 46.Bd2 Kf6 47.Kc2 Ke6 48.Kd3 Bc7 49.Ke3 Bb6
50.Bb4 Bc7 51.Bc5 Bd8 52.Bf8 Kf7 53.Bd6 Ke6 54.Bb8 Kf6 55.Kd3 Ba5 56.Kc2 Ke6
57.Kb3 Kf6 58.Bd6 Ke6 59.Bb4 Bd8 60.Be1 Be7 61.Bd2 Bd6 62.Bc1 Kf6 63.Bd2 Ke6
64.Kc3 Ba3 65.Kd3 Bd6 66.Ke3 Bc7 67.Bb4 Kf6 68.Be1 Ke6 69.Bg3 Bb6 70.Kd3 Ba5
71.Kc2 Bb4 72.Bf2 Bd6 73.Kb3 Kf6 74.Bh4+ Ke6 75.Bg5 Bf8 76.Bd8 Bd6 77.Bg5 Bf8  1/2-1/2

[Event "ch-PAR"]
[Site "Asuncion URU"]
[Date "2010.06.27"]
[Round "7"]
[White "Benitez Irazusta,Eduardo"]
[Black "Alderete,J"]
[Result "1-0"]
[WhiteElo "1652"]
[BlackElo "1580"]

1.d4 d5 2.c4 e6 3.Nc3 Nf6 4.Nf3 Be7 5.Bf4 O-O 6.e3 c5 7.Bd3 Nc6 8.dxc5 dxc4
9.Bxc4 Bxc5 10.O-O a6 11.Qe2 Bd7 12.Rfd1 Qc8 13.Rac1 b5 14.Nxb5 axb5 15.Bxb5 Ne4
16.Rxd7 Qxd7 17.Ne5 Nd4 18.exd4 Qxd4 19.Nd3 Rfc8 20.Nxc5 Rxc5 21.Rxc5 Nxc5
22.Be5 Qd5 23.Bc4 Qd7 24.Qg4 g6 25.Qf3 Qd8 26.Bf6 Qa5 27.h4 Nd7 28.Bc3 Qd8
29.h5 Rc8 30.Bb3 Rc5 31.hxg6 hxg6 32.Qd3 Qc8 33.Qd4 e5 34.Qg4 Nf6 35.Qxg6+ Kh8
36.Qxf6+ Kh7 37.Bxf7 Qg4 38.Bb3 Rb5 39.Qe7+ Kh6 40.Bd2+ Kg6 41.Qf7+  1-0

[Event "IsBank TCh-TUR"]
[Site "Konya TUR"]
[Date "2010.06.30"]
[Round "2"]
[White "Burneckas,Y"]
[Black "Temizkan,D"]
[Result "1-0"]
[WhiteElo "1946"]
[BlackElo "1814"]

1.Nf3 d5 2.d4 Nf6 3.c4 e6 4.Nc3 Be7 5.Bf4 c6 6.e3 O-O 7.c5 Nbd7 8.h3 Re8
9.b4 Nf8 10.Be2 Ng6 11.Bh2 Nd7 12.O-O Bf6 13.b5 e5 14.Qa4 exd4 15.exd4 Nxc5
16.dxc5 Bxc3 17.Rac1 Rxe2 18.Rxc3 cxb5 19.Qxb5 Qe8 20.Qb3 Qd8 21.Rd3 Ne7
22.Nd4 Re4 23.Nb5 Be6 24.Nd6 Rh4 25.Qxb7 a5 26.a3 Bd7 27.Re1 Rb8 28.Nxf7 Rxb7
29.Nxd8 Rb5 30.Bg3  1-0

[Event "IsBank TCh-TUR"]
[Site "Konya TUR"]
[Date "2010.06.30"]
[Round "2"]
[White "Inkaya,M"]
[Black "Komut,K"]
[Result "1/2-1/2"]
[WhiteElo "1911"]
[BlackElo "1937"]

1.d4 d5 2.c4 e6 3.Nc3 Nf6 4.Nf3 Be7 5.Bf4 O-O 6.e3 c5 7.dxc5 Bxc5 8.Qc2 Nc6
9.a3 Qa5 10.O-O-O Be7 11.g4 e5 12.g5 exf4 13.gxf6 Bxf6 14.Nxd5 Ne7 15.Nxf6+ gxf6
16.Qe4 Ng6 17.Nd4 Qe5 18.Qd3 Be6 19.Nxe6 fxe6 20.Kb1 Kg7 21.Be2 Rfd8 22.Qb3 b6
23.h4 Kh8 24.h5 Ne7 25.Rhe1 fxe3 26.Qxe3 Qxe3 27.fxe3 Rac8 28.b3 Kg7 29.Rg1+ Kh6
30.Rge1 Nf5 31.Bf3 Ne7  1/2-1/2

[Event "IsBank TCh-TUR"]
[Site "Konya TUR"]
[Date "2010.07.02"]
[Round "5"]
[White "Danelia,M"]
[Black "Morgul,E"]
[Result "1-0"]
[WhiteElo "2203"]
[BlackElo "1718"]

1.d4 d5 2.c4 e6 3.Nf3 Nf6 4.Nc3 Be7 5.Bf4 c6 6.e3 O-O 7.Qc2 Nbd7 8.h3 g6
9.Rd1 Re8 10.Be2 b6 11.O-O Bb7 12.Ne5 Nxe5 13.Bxe5 Rc8 14.cxd5 exd5 15.Bd3 Bd6
16.f4 Nh5 17.g4 Bxe5 18.fxe5 Qg5 19.Qf2 Rc7 20.e4 Ba8 21.exd5 cxd5 22.Nb5 Rd7
23.Nd6 Rf8 24.Bb5 Rc7 25.Ne8 Re7 26.Kh2 a6 27.gxh5 axb5 28.Nf6+ Kh8 29.Rg1 Qh6
30.Ng4 Qxh5 31.Qf6+  1-0

[Event "IsBank TCh-TUR"]
[Site "Konya TUR"]
[Date "2010.07.02"]
[Round "5"]
[White "Atalik,E"]
[Black "Nikolova,A"]
[Result "1-0"]
[WhiteElo "2444"]
[BlackElo "2318"]

1.d4 Nf6 2.c4 e6 3.Nc3 d5 4.Nf3 Be7 5.Bf4 O-O 6.Qc2 c6 7.e3 b6 8.Be2 dxc4
9.Bxc4 Ba6 10.Qe2 Bxc4 11.Qxc4 b5 12.Qe2 Nbd7 13.O-O b4 14.Na4 Qa5 15.b3 c5
16.dxc5 Nxc5 17.Nxc5 Bxc5 18.Ne5 Rac8 19.Nc4 Qa6 20.Ne5 Qa5 21.Nc4 Qa6 22.Be5 Be7
23.Rfd1 Rfd8 24.e4 Qc6 25.Bxf6 gxf6 26.h3 Rxd1+ 27.Rxd1 Rd8 28.Rxd8+ Bxd8
29.Qd2 Be7 30.Qd4 Qc7 31.e5 fxe5 32.Nxe5 Qc1+ 33.Kh2 Qc7 34.g3 Bf6 35.Qg4+ Kh8
36.Qxb4 Kg7 37.Qg4+ Kf8 38.Nc4 Qc5 39.Kg2 Bd4 40.Qf3 Kg7 41.h4 f5 42.g4 fxg4
43.Qxg4+ Kf7 44.Nd2 h5 45.Qf4+ Ke8 46.Ne4 Qc6 47.Kh3 e5 48.Qf5 Qc1 49.Qxh5+ Kd7
50.Qf3 Ke7 51.h5 Qc8+ 52.Qg4 Qc1 53.Kg2 Qc6 54.Qg7+ Ke8 55.Qh8+ Ke7 56.Qh7+ Kf8
57.h6 Ke8 58.Kh2 Bxf2 59.Nxf2 Qf3 60.Qg6+ Ke7 61.Kg1  1-0

[Event "ch-NOR"]
[Site "Fredrikstad NOR"]
[Date "2010.07.03"]
[Round "1"]
[White "Sahl,Bj"]
[Black "Tofte,S"]
[Result "1-0"]
[WhiteElo "2360"]
[BlackElo "2205"]

1.Nf3 Nf6 2.d4 e6 3.c4 d5 4.Nc3 Be7 5.Bf4 O-O 6.e3 c6 7.Bg3 Nbd7 8.cxd5 exd5
9.Bd3 h6 10.h3 Re8 11.O-O g6 12.Qc2 Nh5 13.Nxd5 Nxg3 14.Nxe7+ Qxe7 15.fxg3 Qd6
16.Kh2 Rxe3 17.Qd2 Qe7 18.Bc4 Kg7 19.Ne5 Nxe5 20.dxe5 Qxe5 21.Rxf7+ Kh8 22.Qd8+ Qe8
23.Qf6+  1-0

[Event "ch-SWE Mastarelit"]
[Site "Lund SWE"]
[Date "2010.07.03"]
[Round "1"]
[White "Hjelm,N"]
[Black "Andersson,Fred2"]
[Result "1/2-1/2"]
[WhiteElo "2336"]
[BlackElo "2284"]

1.c4 d5 2.d4 e6 3.Nf3 Nf6 4.Nc3 Be7 5.Bf4 O-O 6.e3 c5 7.dxc5 Bxc5 8.Qc2 Nc6
9.a3 Qa5 10.Rd1 Be7 11.Be2 dxc4 12.Bxc4 e5 13.Bg3 Bg4 14.O-O Rac8 15.Nd5 Bxf3
16.gxf3 b5 17.Nxf6+ Bxf6 18.Bd5 Nd4 19.Qe4 Ne2+ 20.Kg2 Nxg3 21.hxg3 g6 22.Bb3 Rcd8
23.Rc1 Rd2 24.Rc6 Rxb2 25.Bd5 Kg7 26.f4 Qa4  1/2-1/2

[Event "ch-NOR"]
[Site "Fredrikstad NOR"]
[Date "2010.07.04"]
[Round "2"]
[White "Ostenstad,B"]
[Black "Stubberud,O"]
[Result "1/2-1/2"]
[WhiteElo "2466"]
[BlackElo "2276"]

1.d4 d5 2.c4 e6 3.Nc3 Be7 4.Nf3 Nf6 5.Bf4 O-O 6.e3 c5 7.dxc5 Bxc5 8.a3 dxc4
9.Bxc4 Qxd1+ 10.Rxd1 a6 11.O-O b5 12.Ba2 Nbd7 13.Bd6 Re8 14.Bxc5 Nxc5 15.Ne5 Bb7
16.Rd4 Rad8 17.Rfd1 Rxd4 18.Rxd4 Rc8 19.f3 Kf8 20.Kf2 Ke7 21.e4 Rc7 22.Ke3 Nfd7
23.Nxd7 Rxd7 24.e5 Rc7 25.g3 Nd7 26.f4 Nb6 27.h4 h5 28.Bb3 Rc5 29.Rd6 Nc8
30.Rd2 Nb6 31.Rd4 Rc7 32.a4 bxa4 33.Nxa4 Nxa4 34.Rxa4 Bc8 35.Rb4 Bd7 36.Rb6 a5
37.Bd1 g6 38.Kd2 Ra7 39.Bf3 Ke8 40.Ke3 a4 41.Rb8+ Ke7 42.Ra8 Rc7 43.Kd2 Rc4
44.Ra7 Ke8 45.Ra8+ Ke7 46.Rb8 Rc5 47.Rb7  1/2-1/2

[Event "9th Open"]
[Site "La Fere FRA"]
[Date "2010.07.04"]
[Round "2"]
[White "Romanov,E"]
[Black "Dal Borgo,A"]
[Result "1-0"]
[WhiteElo "2590"]
[BlackElo "2204"]

1.Nf3 d5 2.d4 Nf6 3.c4 e6 4.Nc3 Be7 5.Bf4 O-O 6.Qc2 c5 7.dxc5 Bxc5 8.e3 Nc6
9.Be2 Qe7 10.O-O dxc4 11.Bxc4 h6 12.Bg3 Bb4 13.Bh4 Bxc3 14.Qxc3 Bd7 15.Rad1 Rfd8
16.Qc2 Rac8 17.Qe2 e5 18.Nd2 Bf5 19.Nb3 Rxd1 20.Rxd1 Rd8 21.Rxd8+ Qxd8 22.e4 Bc8
23.f3 Qd6 24.Qd3 Qxd3 25.Bxd3 Nd7 26.Bf2 b6 27.Bb5 Bb7 28.a4 Ndb8 29.Nd2 Na5
30.b4 Nac6 31.Nc4 Nxb4 32.Nxe5 N8c6 33.Nxc6 Bxc6 34.Bxc6 Nxc6 35.Kf1 Kf8
36.Ke2 Ke7 37.Kd3 Kd7 38.Kc4 g6 39.Be3 h5 40.Kb5 Kc7 41.Ka6 Kb8 42.Bf4+ Ka8
43.Bd6 Nd4 44.h4 f5 45.Be5 Nc6 46.exf5 Nxe5 47.f4 Ng4 48.fxg6 Nh6 49.g7 Ng8
50.f5 Kb8 51.g4 hxg4 52.h5 g3 53.h6 Nxh6 54.f6 g2 55.f7 g1=Q 56.f8=Q+ Kc7
57.Qf4+ Kc8 58.Qxh6 Qf1+ 59.Kxa7 Qf7+ 60.Kxb6 Qb7+ 61.Ka5 Qd5+ 62.Kb4 Qd4+
63.Kb3 Qd3+ 64.Kb2 Qd4+ 65.Kc1 Qa1+ 66.Kd2 Qd4+ 67.Ke2 Qe4+ 68.Kf2 Qc2+ 69.Kg3 Qb3+
70.Kg4 Qd1+ 71.Kf5 Qd3+ 72.Ke5 Qe3+ 73.Kf5 Qd3+ 74.Kg4 Qd4+ 75.Kh5 Qd1+ 76.Kg6 Qd3+
77.Kf7 Qd7+ 78.Kg8 Qe8+ 79.Kh7 Qe4+ 80.Kh8 Qe5 81.a5 Kb7 82.Qb6+ Ka8 83.Qc6+ Ka7
84.a6 Qh2+ 85.Kg8 Qb8+ 86.Kf7 Qf4+ 87.Qf6 Qc4+ 88.Qe6 Qf4+ 89.Ke8 Qb8+ 90.Ke7 Qb4+
91.Kd8 Qa5+ 92.Ke8  1-0

[Event "IsBank TCh-TUR"]
[Site "Konya TUR"]
[Date "2010.07.05"]
[Round "9"]
[White "Danelia,M"]
[Black "Sanal,S"]
[Result "1-0"]
[WhiteElo "2203"]
[BlackElo "1713"]

1.d4 d5 2.c4 e6 3.Nf3 Nf6 4.Nc3 Be7 5.Bf4 O-O 6.e3 c6 7.Qc2 Nbd7 8.h3 b6
9.Rd1 Bb7 10.Be2 Re8 11.O-O Nf8 12.Ne5 Ng6 13.Bh2 Bd6 14.f4 Qc7 15.Bd3 Rad8
16.a3 dxc4 17.Nxc4 Nf8 18.e4 Be7 19.f5 Qc8 20.e5 N6d7 21.Ne4 c5 22.Ned6 Bxd6
23.Nxd6 Qc6 24.Be4 Qc7 25.Nxb7 Rb8 26.Nd6 Red8 27.f6 g6 28.Qc1  1-0

[Event "Heart of Finland"]
[Site "Jyvaskyla FIN"]
[Date "2010.07.06"]
[Round "3"]
[White "Rehn,R"]
[Black "Norri,J"]
[Result "1/2-1/2"]
[WhiteElo "2164"]
[BlackElo "2339"]

1.d4 d5 2.c4 e6 3.Nc3 Be7 4.Nf3 Nf6 5.Bf4 O-O 6.e3 b6 7.Be2 Bb7 8.cxd5 exd5
9.O-O Nbd7 10.Rc1 c6 11.Nd2 c5 12.Bf3 a6 13.Re1 b5 14.dxc5 Nxc5 15.Nb3 Nce4
16.Qd4 Nd6 17.Red1 Nc4 18.Rc2 Qc8 19.Bxd5 Nxd5 20.Nxd5 Bxd5 21.Qxd5 Rd8 22.Qh5  1/2-1/2

[Event "IsBank TCh-TUR"]
[Site "Konya TUR"]
[Date "2010.07.06"]
[Round "10"]
[White "Ozturk,Ku"]
[Black "Melia,S"]
[Result "1/2-1/2"]
[WhiteElo "2273"]
[BlackElo "2466"]

1.d4 Nf6 2.c4 e6 3.Nf3 d5 4.Nc3 Be7 5.Bf4 c5 6.dxc5 Bxc5 7.e3 Bb4 8.Be2 Ne4
9.Rc1 O-O 10.O-O Nxc3 11.bxc3 Be7 12.Qb3 dxc4 13.Bxc4 Nd7 14.Rfd1 Qa5 15.Bg3 a6
16.Qc2 Nc5 17.Nd4 Bd7 18.Nb3 Nxb3 19.axb3 Bc6 20.Bd3 h6 21.c4 Rfd8 22.h3 Qc5
23.Qb2 Bf6 24.Qe2 g6 25.e4 e5 26.Kh1 Rd7 27.f3 Rad8 28.Be1 Bg5 29.Rb1 Qe3
30.Qxe3 Bxe3 31.Be2 Bd2 32.Bh4 Bg5 33.Bxg5 hxg5 34.Rxd7 Rxd7 35.Rd1 Rxd1+
36.Bxd1 Kf8 37.Kg1 Ke7 38.Kf2 Kd6 39.b4 b6 40.Ke3 a5 41.c5+ bxc5 42.bxa5 Bb5
43.g3 Kc6 44.f4 gxf4+ 45.gxf4 exf4+ 46.Kxf4 Bc4 47.Ke5 Kb5 48.Kd6 Be6 49.a6 Kxa6
50.Kxc5 Bxh3 51.Kd6 Be6 52.Ke5 Kb6 53.Kf6 Kc5 54.Bc2 Kd4 55.e5 g5 56.Kxg5 Kxe5
57.Kh4 Kf4 58.Bh7 f6 59.Bg6 Bf5 60.Be8 Kf3 61.Bh5+ Kf4 62.Be8 Be4 63.Bd7 Bd3
64.Bc6 Bf5 65.Be8 Bd3 66.Bc6 f5 67.Bd7 Ke3 68.Bxf5 Bxf5  1/2-1/2

[Event "Heart of Finland"]
[Site "Jyvaskyla FIN"]
[Date "2010.07.08"]
[Round "6"]
[White "Gavrilov,Al1"]
[Black "Kiuttu,R"]
[Result "1/2-1/2"]
[WhiteElo "2493"]
[BlackElo "2234"]

1.d4 d5 2.c4 e6 3.Nf3 Nf6 4.Nc3 Be7 5.Bf4 O-O 6.a3 c5 7.dxc5 Bxc5 8.e3 Nc6
9.Qc2 Qa5 10.Rd1 Be7 11.Be2 dxc4 12.Bxc4 e5 13.Bg3 Bg4 14.O-O Rac8 15.Be2 Rfd8
16.h3 Bh5 17.Qb3 e4 18.Nh2 Bxe2 19.Nxe2 b6 20.Nc3 Ne5 21.Bh4 Rd3 22.Rxd3 exd3
23.Rd1 Rd8 24.f4 Ng6 25.Bxf6 Bxf6 26.Ne4 Qf5 27.Nf2 Qc5 28.Nf1 Nxf4 29.exf4 Bd4
30.Rd2 Bxf2+ 31.Rxf2 d2 32.Qd1 Qc1 33.Ne3 Rd3 34.Kh2 Rxe3 35.Qxd2 Qxd2 36.Rxd2 g6
37.Kg1 Kg7 38.Kf2 Rb3 39.Ke2 Kf6 40.Rc2 h5 41.a4 Rb4 42.a5 bxa5 43.Kf3 a4
44.g4 Rb3+ 45.Ke4 hxg4 46.hxg4 a3 47.bxa3 Rxa3 48.g5+ Kg7 49.Rc7 Ra1 50.Rc8 a5
51.Ra8 a4 52.Kf3 a3 53.Kg2 f5 54.gxf6+ Kxf6 55.Ra5 a2 56.Ra6+ Kf5 57.Ra5+ Kxf4
58.Ra8 g5 59.Ra7 g4 60.Ra8 g3 61.Ra7 Ke5  1/2-1/2